Giáo trình mô động vật

Sách mô tả các loại tế bào và chất gian bào của từng mô ở các mức cấu tạo vi thể, siêu vi thể và phân tử. Phân tích chức năng và các hoạt động chủ yếu của các thành phần đó trong điều kiện bình thường. Mô tả cấu tạo mô học của các...

全面介紹

Đã lưu trong:
書目詳細資料
主要作者: Võ, Văn Bé
格式: 圖書
語言:Undetermined
出版: Cần Thơ Trường Đại học Cần Thơ 2009
主題:
標簽: 添加標簽
沒有標簽, 成為第一個標記此記錄!
Thư viện lưu trữ: Trung tâm Học liệu Trường Đại học Cần Thơ
LEADER 01054nam a2200217Ia 4500
001 CTU_155518
008 210402s9999 xx 000 0 und d
082 |a 636.0891018 
082 |b B200 
100 |a Võ, Văn Bé 
245 0 |a Giáo trình mô động vật 
245 0 |c Võ Văn Bé 
260 |a Cần Thơ 
260 |b Trường Đại học Cần Thơ 
260 |c 2009 
520 |a Sách mô tả các loại tế bào và chất gian bào của từng mô ở các mức cấu tạo vi thể, siêu vi thể và phân tử. Phân tích chức năng và các hoạt động chủ yếu của các thành phần đó trong điều kiện bình thường. Mô tả cấu tạo mô học của các cơ quan và hệ thống cơ quan,... 
526 |a Mô động vật 
526 |b TN149 
650 |a Mô học,Veterinary histology,Histology,Mô học thú y 
904 |i Năm 
980 |a Trung tâm Học liệu Trường Đại học Cần Thơ